| 000 | 00935nam2a2200205 4500 | ||
|---|---|---|---|
| 001 | RU\NLR\PER_A\012236232_000410 | ||
| 005 | 20250810084151.0 | ||
| 035 | _a(NLR Aleph) 022598849 | ||
| 090 |
_a13463224 _c13463224 |
||
| 100 | _a20250808d2023 u y0rusy50 ca | ||
| 101 | 0 | _arus | |
| 102 | _aRU | ||
| 200 | 0 | _aТ. 5, № 3 | |
| 210 | _d2023 | ||
| 461 | 0 |
_1001RU\NLR\BIBL_A\012236232 _12001#$aФормулы фармации$dPharmacy formulas$eнаучно-практический журнал$zeng$vТ. 5, № 3 _911010766 _cСанкт-Петербург _d2019 - _lPharmacy formulas _nСеверо-Западный институт медико-биологических проблем и охраны окружающей среды _oнаучно-практический журнал _tФормулы фармации _x2713-153X _vТ. 5, № 3 |
|
| 852 |
_aNLR _jП17/1838 |
||
| 942 | _cISSUE | ||
| 980 | _aRUSPER | ||
| 980 | _aNB | ||